Missing Word: SPORCLE Celebrities Quiz Stats

 Plays Quiz Updated Apr 7, 2015

Challenge
Share
Tweet
Embed
Score 0/30 Timer 02:00
0 Plays Today
Hint Answer % Correct
CL - Cyndi Lauper songsGirls
94.9%
PO - Peter O'Toole moviesArabia
94.4%
CL - Cyndi Lauper songsTime
94.3%
SP - Sean Penn moviesWalking
92.4%
RC - Russell Crowe moviesBeautiful
90%
LE - Lisa Edelstein moviesGood
87.8%
SP - Sean Penn moviesThin
86.3%
RC - Russell Crowe moviesConfidential
82.9%
LE - Lisa Edelstein moviesDay
81%
RC - Russell Crowe moviesMan
80.9%
SP - Sean Penn moviesMystic
78.2%
LE - Lisa Edelstein moviesLoves
77.9%
RC - Russell Crowe moviesIron
75.8%
LE - Lisa Edelstein moviesWomen
72.9%
OR - Otis Redding songsLong
68.5%
Hint Answer % Correct
PO - Peter O'Toole moviesChips
60.3%
PO - Peter O'Toole moviesWinter
57.9%
OR - Otis Redding songsTenderness
57.8%
CL - Cyndi Lauper songsColors
54.9%
OR - Otis Redding songsHeart
51.6%
LE - Lisa Edelstein moviesFaith
46.7%
SP - Sean Penn moviesGrams
37.6%
RC - Russell Crowe moviesGangster
33.9%
PO - Peter O'Toole moviesYear
29.6%
CL - Cyndi Lauper songsChange
24%
SP - Sean Penn moviesTree
23%
CL - Cyndi Lauper songsDrove
13.5%
PO - Peter O'Toole moviesEmperor
12.9%
OR - Otis Redding songsArms
12.8%
OR - Otis Redding songsPitiful
4%

Today's Daily Dose

Word Ladder
Homophones Ate

Quick Pick
RGB Colors

On This Day
August 18th II

You're not logged in!

Compare scores with friends on all Sporcle quizzes.
Join for Free
OR
Log In

You Might Also Like...

Show Comments

Extras

Top Quizzes Today


Score Distribution

Your Account Isn't Verified!

In order to create a playlist on Sporcle, you need to verify the email address you used during registration. Go to your Sporcle Settings to finish the process.

Report this User

Report this user for behavior that violates our Community Guidelines.

Details: